000 00775nam a2200229 4500
001 108897
003 ES-MaACL
005 20250830220942.0
007 t|
008 061121s1965 sp r ||||1| spa d
100 1 _aMoog, Vianna.
_982784
245 1 0 _aBandeirantes y pioneros
_b: (paralelo entre dos culturas) /
_cVianna Moog ; traducción por Pilar Vázquez Cuesta.
260 _aMadrid :
_bCultura Hispánica,
_c1965.
300 _a397 p. ;
_c22 cm.
650 4 _aBandeirantes.
_9172673
651 4 _aBrasil-
_xCivilización.
_9172674
651 4 _aEstados Unidos-
_xCivilización
_98535
651 4 _aBrasil-
_xHistoria-
_y1548-1822, Época colonial.
_9172675
700 1 _aVázquez Cuesta, Pilar.
_9113409
852 _aES-MaACL
_jC-28128
999 _c108897
_d108897